000 00352cam a22001337a 4500
008 180718b1956 xxu||||| |||| 00| 0 eng d
082 _aH5 C125
100 _aCalamandrie, P.
245 _aProcedure and democracy
_cby P. Calamandrie
260 _aN.Y.
_bNew York Univ. Press
_c1956
300 _a104p.
500 _a$4.50
650 _aJudicial Procedure
999 _c361665
_d361665